Normal view MARC view
  • Esteban Ortega, Joaquín

Entry Nombre Personal

Number of records used in: 3

001 - NUMERO DE CONTROL

  • campo de control: 33089

003 - IDENTIFICADOR DE NUMERO DE CONTROL

  • campo de control: DLC

005 - FECHA Y HORA DE LA ÜLTIMA TRANSACCIÓN

  • campo de control: 20220808085417.0

008 - DATOS DE LONGITUD FIJA

  • campo de control de longitud fija: 030721n| acannaabn |a aaa

010 ## - NÚMERO DE CONTROL DE LA BIBLIOTECA DEL CONGRESO

  • Número de control LC: n 2003109989

040 ## - FUENTE DE CATALOGACIÓN

  • Agencia original de catalogación: DLC
  • Lenguaje de catalogación: spa
  • Agencia de transcripción: DLC
  • Agencia que lo modifica: MX-MxUPN

100 1# - ENCABEZAMIENTO - NOMBRE PERSONAL

  • Nombre personal: Esteban Ortega, Joaquín

372 ## - CAMPO DE ACTIVIDAD

  • Field of activity: Hermenéutica educativa
  • Field of activity: Hermenéutica filosófica
  • Field of activity: Docencia

373 ## - GRUPO ASOCIADO

  • Associated group: Universidad Europea Miguel de Cervantes
  • Associated group: Escuela Universitaria de Magisterio "Fray Luis de León" (Universidad de Valladolid)

374 ## - OCUPACIÓN

  • Occupation: Vicerrector
  • Occupation: Profesor universitario

375 ## - GÉNERO

  • Gender: masculino

377 ## - LENGUA ASOCIADA

  • Language code: spa

400 1# - VEÁSE - NOMBRE DE PERSONA

  • Personal name: Ortega, Joaquín Esteban

670 ## - FUENTE EN LA QUE SE LOCALIZARON DATOS

  • Cita de la fuente: Esteban Ortega, Joaquín. Memoria, hermenéutica y educación, c2002:
  • Información localizada: portada (Joaquín Esteban Ortega) página 4 de la cubierta (prof.; Escuela Universitaria de Magisterio "Fray Luis de León (Univ. de Valladolid))

670 ## - FUENTE EN LA QUE SE LOCALIZARON DATOS

  • Cita de la fuente: En la obra: Cultura, hermenéutica y educación, 2008:
  • Información localizada: portada (Joaquín Esteban Ortega) solapa delantera (Joaquín Esteban Ortega, editor de la obra, cumple en estos momentos la función de Vicerrector de Alumnos y Extensión Universitaria y coordinador del Seminario de Sociedad y Cultura Contemporáneas (SEMSOCU) de la Universidad Europea Miguel de Cervantes. Ha publicado diversos trabajos sobre temática hermenéutica, educativa y filosofía)

902 ## - CATALOGADOR

  • Catalogador: NDAF/080822